Triboelectric Nanogenerators

This book introduces an innovative and high-efficiency technology for mechanical energy harvesting. The book covers the history and development of triboelectric nanogenerators, basic structures, working principles, performance characterization, and potential applications. It is divided into three pa...

Πλήρης περιγραφή

Λεπτομέρειες βιβλιογραφικής εγγραφής
Κύριοι συγγραφείς: Wang, Zhong Lin (Συγγραφέας), Lin, Long (Συγγραφέας), Chen, Jun (Συγγραφέας), Niu, Simiao (Συγγραφέας), Zi, Yunlong (Συγγραφέας)
Συγγραφή απο Οργανισμό/Αρχή: SpringerLink (Online service)
Μορφή: Ηλεκτρονική πηγή Ηλ. βιβλίο
Γλώσσα:English
Έκδοση: Cham : Springer International Publishing : Imprint: Springer, 2016.
Σειρά:Green Energy and Technology,
Θέματα:
Διαθέσιμο Online:Full Text via HEAL-Link
LEADER 04008nam a22006375i 4500
001 978-3-319-40039-6
003 DE-He213
005 20160817190352.0
007 cr nn 008mamaa
008 160817s2016 gw | s |||| 0|eng d
020 |a 9783319400396  |9 978-3-319-40039-6 
024 7 |a 10.1007/978-3-319-40039-6  |2 doi 
040 |d GrThAP 
050 4 |a TK1001-1841 
072 7 |a THRB  |2 bicssc 
072 7 |a TEC031000  |2 bisacsh 
082 0 4 |a 621.042  |2 23 
100 1 |a Wang, Zhong Lin.  |e author. 
245 1 0 |a Triboelectric Nanogenerators  |h [electronic resource] /  |c by Zhong Lin Wang, Long Lin, Jun Chen, Simiao Niu, Yunlong Zi. 
264 1 |a Cham :  |b Springer International Publishing :  |b Imprint: Springer,  |c 2016. 
300 |a XXXIII, 517 p. 211 illus., 24 illus. in color.  |b online resource. 
336 |a text  |b txt  |2 rdacontent 
337 |a computer  |b c  |2 rdamedia 
338 |a online resource  |b cr  |2 rdacarrier 
347 |a text file  |b PDF  |2 rda 
490 1 |a Green Energy and Technology,  |x 1865-3529 
505 0 |a Triboelectrification -- Part A: Fundamental Operation Modes -- Triboelectric Nanogenerator: Vertical Contact-Separation Mode -- Triboelectric Nanogenerator: Lateral Sliding Mode -- Triboelectric Nanogenerator: Single-Electrode Mode -- Triboelectric Nanogenerator: Freestanding Triboelectric-Layer Mode -- Theoretical Modeling of Triboelectric Nanogenerators -- Figure of Merits for Quantifying Triboelectric Nanogenerators -- Part B: Applications as a Sustainable Power Source -- Harvesting Body Motion Energy -- Harvesting Vibration Energy -- Harvesting Wind Energy -- Harvesting Large-Scale Blue Energy -- Hybrid Cell Composed of Triboelectric Nanogenerator -- Applicatons in Self-Powered Systems and Processes -- Self-Powered Sensing for Human-Machine Interface -- Self-Powered Sensing for Vibration and Biomedical Monitoring -- Self-Powered Sensing for Tracking Moving Objects -- Self-Powered Sensing for Chemical and Environmental Detection. 
520 |a This book introduces an innovative and high-efficiency technology for mechanical energy harvesting. The book covers the history and development of triboelectric nanogenerators, basic structures, working principles, performance characterization, and potential applications. It is divided into three parts: Part A illustrates the fundamental working modes of triboelectric nanogenerators with their prototype structures and theoretical analysis; Part B and Part C introduce two categories of applications, namely self-powered systems and self-powered active sensors. The book will be an ideal guide to scientists and engineers beginning to study triboelectric nanogenerators or wishing to deepen their knowledge of the field. Readers will be able to place the technical details about this technology in context, and acquire the necessary skills to reproduce the experimental setups for fabrication and measurement. 
650 0 |a Energy. 
650 0 |a Renewable energy resources. 
650 0 |a Energy harvesting. 
650 0 |a Power electronics. 
650 0 |a Renewable energy sources. 
650 0 |a Alternate energy sources. 
650 0 |a Green energy industries. 
650 0 |a Nanotechnology. 
650 0 |a Tribology. 
650 0 |a Corrosion and anti-corrosives. 
650 0 |a Coatings. 
650 1 4 |a Energy. 
650 2 4 |a Energy Harvesting. 
650 2 4 |a Renewable and Green Energy. 
650 2 4 |a Nanotechnology. 
650 2 4 |a Power Electronics, Electrical Machines and Networks. 
650 2 4 |a Tribology, Corrosion and Coatings. 
700 1 |a Lin, Long.  |e author. 
700 1 |a Chen, Jun.  |e author. 
700 1 |a Niu, Simiao.  |e author. 
700 1 |a Zi, Yunlong.  |e author. 
710 2 |a SpringerLink (Online service) 
773 0 |t Springer eBooks 
776 0 8 |i Printed edition:  |z 9783319400389 
830 0 |a Green Energy and Technology,  |x 1865-3529 
856 4 0 |u http://dx.doi.org/10.1007/978-3-319-40039-6  |z Full Text via HEAL-Link 
912 |a ZDB-2-ENE 
950 |a Energy (Springer-40367)